María y yo.
Saved in:
| Hovedforfatter: | |
|---|---|
| Andre forfattere: | |
| Format: | Bog |
| Sprog: | spansk |
| Udgivet: |
[Bilbao, España]:
Astiberri Ediciones,
2012.
|
| Udgivelse: | 6a. edición. |
| Serier: | Colección Sillón Orejero.
|
| Fag: | |
| Tags: |
Tilføj Tag
Ingen Tags, Vær først til at tagge denne postø!
|
MARC
| LEADER | 00000nam a22000007a 4500 | ||
|---|---|---|---|
| 003 | CL-VaPUC | ||
| 005 | 20250407202438.0 | ||
| 008 | 250306t2012 ||||| |||| 00| 0 spa d | ||
| 999 | |c 447150 |d 447148 | ||
| 020 | |a 978-84-9681540-7 | ||
| 040 | |c Pontificia Universidad Católica de Valparaíso | ||
| 082 | |2 22 |a 741.3251 GAL 2012 | ||
| 100 | |9 896382 |a Gallardo, María |e autora | ||
| 245 | |a María y yo. | ||
| 250 | |a 6a. edición. | ||
| 260 | |a [Bilbao, España]: |b Astiberri Ediciones, |c 2012. | ||
| 300 | |a [Páginas sin numeración]: |b ilustraciones. | ||
| 490 | |a Colección Sillón Orejero. | ||
| 500 | |a c.1-3: Instituto Arcos. 08-01-2025 | ||
| 583 | |c 20250306 |k Yessy Sthefany Diaz Vidal | ||
| 650 | 0 | |a Niños con Autismo |v Cómics, historietas, etc. |v Libros ilustrados |9 896392 | |
| 650 | 0 | |9 340918 |a Trastorno del Espectro Autista (TEA) |x Novelas gráficas | |
| 700 | |9 896383 |a Gallardo, Miguel |e autor | ||
| 942 | |2 ddc |c BK |n 0 | ||
| 952 | |0 0 |1 0 |2 ddc |4 0 |6 741_325100000000000_GAL_2012 |7 0 |8 A |9 600718 |a BIBINC |b BIBINC |d 2025-03-06 |e Instituto Arcos |i 5665475 |o 741.3251 GAL 2012 |p 5665475 |r 2025-03-06 |t 1 |w 2025-03-06 |y BK |k IFP | ||
| 952 | |0 0 |1 0 |2 ddc |4 0 |6 741_325100000000000_GAL_2012 |7 0 |8 A |9 600719 |a BIBINC |b BIBINC |d 2025-03-06 |e Instituto Arcos |i 5665476 |o 741.3251 GAL 2012 |p 5665476 |r 2025-03-06 |t 2 |w 2025-03-06 |y BK |k IFP | ||
| 952 | |0 0 |1 0 |2 ddc |4 0 |6 741_325100000000000_GAL_2012 |7 0 |8 A |9 600720 |a BIBINC |b BIBINC |d 2025-03-06 |e Instituto Arcos |i 5665477 |o 741.3251 GAL 2012 |p 5665477 |r 2025-03-06 |t 3 |w 2025-03-06 |y BK |k IFP | ||